000 00524nam a2200193Ia 4500
005 20250923144726.0
008 008 250917s9999 xx 000 0 eng d
037 _aTextual
040 _aDSWL
_beng
_cDSWL
041 _aeng
_2eng
084 _aYX:f, N59
_qDSWL
245 0 _aUse of judgements a Dutta in Social Worker Research
_cby N.A.S.W.
260 _aNew York
_bN.A.S.W.
_c1958
300 _a108p.
365 _aUSD
_b1.75
925 _g1.75
942 _cTEXL
_hYX:f, N59
999 _c1442533
_d1442533